LEADER 01079nam0-2200349 --450 001 9910566996803321 005 20220524145744.0 010 $a9781856175265 035 $a(OCoLC)ocn237048065 100 $a20220524d2009----km-y0itay50------ba 101 0 $aeng 102 $aNL 200 1 $aAudio engineering$fDouglas Self ... [et al.] 210 $aAmsterdam ;$aBoston$cNewnes$cElsevier$dc2009 215 $aXVII, 907 p.$cill. ;$d24 cm 225 1 $aThe Newnes know it all series 320 $aIncludes bibliographical references and index. 610 0 $aSuono$aRegistrazione e riproduzione$aManuali 676 $a621.389/3 700 1$aSelf,$bDouglas$01101004 801 0$aIT$bUNINA$gRICA$2UNIMARC 901 $aBK 912 $a9910566996803321 952 $a13 17 18$b4225 / 2022$fFINBC 952 $a13 H 25 01$b4226 / 2022$fFINBC 952 $a13 H 25 02$b4227 / 2022$fFINBC 952 $a23 17 D 20$b4228 / 2022$fFINAG 952 $a23 17 D 21$b4229 / 2022$fFINAG 959 $aFINBC 959 $aFINAG 996 $aAudio engineering$92842585 997 $aUNINA LEADER 01249nam a2200265 i 4500 001 991000446129707536 008 091119s2006 it ||||| 00| | ita d 035 $ab13858506-39ule_inst 040 $aSet. Economia - SEMS$bita 110 2 $aFormez$0424425 245 13$aLo scenario della formazione nel sistema delle autonomie locali :$b9. rapporto nazionale sulla formazione nella P.A. /$cFormez ; [a cura di Nicoletta Bevilacqua ... et al.] 246 13$a9. rapporto nazionale sulla formazione nella P.A. 246 13$aNono rapporto nazionale sulla formazione nella P.A. 260 $aRoma :$bFormez,$cstampa 2006 300 $a210 p. ;$c24 cm 440 0$aQuaderni Formez ;$v47 500 $aIn testa al front.: Presidenza del Consiglio dei ministri, Dipartimento della funzione pubblica 650 04$aEnti locali$xPersonale$xFormazione professionale 700 0 $aBivilacqua, Nicoletta 907 $a.b13858506$b28-01-14$c19-11-09 912 $a991000446129707536 945 $aLE025 ECO 352 FOR01.16$g1$i2025000252059$lle025$og$pE15.00$q-$rl$s- $t0$u0$v0$w0$x0$y.i15032358$z19-11-09 996 $aScenario della formazione nel sistema delle autonomie locali$9230885 997 $aUNISALENTO 998 $ale025$b19-11-09$cm$da $e-$fita$git $h3$i0